| 000 | 01057cam a22001934a 4500 | ||
|---|---|---|---|
| 005 | 20250605164327.0 | ||
| 008 | 250528s ||||||||||||||||||||||||d | ||
| 035 | _a23088 | ||
| 020 | _a340814675 | ||
| 040 |
_aGR-AtMCL _bgre _dGR-AtMCL _eAACR2 |
||
| 245 | 1 | _aCultivating Creativity | |
| 260 |
_bHodder Arnold, _c2007 |
||
| 300 | _a160 | ||
| 520 | _aThis book shows how each of us can promote creativity in children. Acknowledgements, Dedication, Introduction, Can Anyone be Creative?, What is Creativity?, What is Involved in Creative Learning?, Creating an Environment that Cultivates Creativity, Creating an Environment that Cultivates Creativity, Creating an Environment Into the Garden, Including Everyone The Beginnings of Creativity, Cultivating Creativity in Toddlers, How Adults Can Help Creative Ideas to be Cultivated, Creations, Everyday Creativity and Specialist Creativity and WorldShaking Creativity, How to Cultivate Creativity, Bibliography, Index. | ||
| 700 | 1 |
_aBruce Tina _93913 |
|
| 942 | _cBK | ||
| 999 |
_c8118 _d8118 |
||